|
|
|
|
| LEADER |
00000cam a2200000 a 4500 |
| 001 |
vtls010649100 |
| 003 |
SK-MaSNL |
| 005 |
20260301145103.0 |
| 008 |
250314s1965 xr ao e 000 0 cze |
| 015 |
|
|
|a SNBA1965
|
| 035 |
|
|
|a 4426540E-A5F8-4E74-AF23-2BF7A329F6E6
|
| 035 |
|
|
|a urn:nbn:sk:snk-amkd64
|
| 035 |
|
|
|a urn:nbn:sk:snk-am0039wx
|
| 040 |
|
|
|a SNK
|b slo
|c SNK
|e AACR2
|
| 041 |
0 |
|
|a cze
|
| 044 |
|
|
|a xr
|c CZ
|
| 100 |
1 |
|
|a Nermut, Milan,
|d 1924-2009
|4 aut
|9 504361
|
| 245 |
1 |
0 |
|a Praktikum z obecné biologie
|b určeno pro posl. fak. lék. v Brně a jiné lék. fak., zejména pro Bratislavu
|c Milan Nermut
|
| 250 |
|
|
|a dotisk 2. vyd.
|
| 260 |
|
|
|a Praha
|b Státní pedagogické nakladatelství
|c 1965
|
| 300 |
|
|
|a 82 s.
|b fotogr., grafy, tab.
|c 4°
|
| 366 |
|
|
|e 720 výt.
|
| 490 |
1 |
|
|a Učební texty vysokých škol
|
| 504 |
|
|
|a Bibliogr.
|
| 650 |
0 |
7 |
|a všeobecná biológia
|2 SNKPH
|9 77070
|
| 655 |
|
7 |
|a praktické cvičenia
|2 SNKPH
|9 70517
|
| 655 |
|
7 |
|a učebnice vysokých škôl
|2 SNKPH
|9 70191
|
| 710 |
2 |
|
|a Univerzita J.E. Purkyně v Brně.
|b Lékařská fakulta
|4 pbl
|9 216523
|
| 830 |
|
0 |
|a Učební texty vysokých škol
|9 282281
|
| 852 |
|
|
|a Slovenská národná knižnica
|
| 958 |
|
|
|a EUIPO
|
| 958 |
|
|
|a OND
|
| 999 |
|
|
|c 779049
|d 780979
|
| 952 |
|
|
|a SNK
|b SNK
|y PREZ
|7 0
|p 17A0788264
|o snkSB 11229
|i snkKIP 2055/65
|0 0
|1 0
|4 0
|d 2015-01-23
|f 1
|l 0
|r 2026-02-24 00:59:43
|w 2026-02-24
|
| 952 |
|
|
|a SNK
|b SNK
|y VYP
|7 0
|o snkSB 11229 D1
|i snkKIP 2056/65
|0 0
|1 0
|4 0
|d 2015-01-23
|l 0
|r 2026-02-24 00:59:43
|w 2026-02-24
|